Образовательная область "Технология". Ч. 2: Технология обработки конструкционных материалов и элементы машиноведения. Художественная обработка материалов. Техническое творчество. Введение в художественноеконструирование. Строительные, ремонтно-отделочные работы (Запись № 4606702)

Подробности
000 -МАРКЕР
контрольное поле 01950nam2a2200289 4500
001 - ИДЕНТИФИКАТОР ЗАПИСИ
контрольное поле RU\NLR\bibl\2056465
005 - ИДЕНТИФИКАТОР ВЕРСИИ
контрольное поле 20260407190607.0
021 ## - НОМЕР ГОСУДАРСТВЕННОЙ РЕГИСТРАЦИИ
Код страны Российская Федерация
Номер 2013-49460
Номер Листа государственной регистраци 3424
035 ## - ДРУГИЕ СИСТЕМНЫЕ НОМЕРА
Идентификатор записи (NLR Aleph) 002043350
100 ## - ДАННЫЕ ОБЩЕЙ ОБРАБОТКИ
Данные общей обработки 20130723d2012 |||y0rusy50 ca
101 0# - ЯЗЫК РЕСУРСА
Язык текста, звукозаписи и т.д. русский
102 ## - СТРАНА ПУБЛИКАЦИИ ИЛИ ПРОИЗВОДСТВА
Страна публикации Российская Федерация
105 ## - ПОЛЕ КОДИРОВАННЫХ ДАННЫХ: ТЕКСТОВЫЕ МАТЕРИАЛЫ, МОНОГРАФИЧЕСКИЕ
Кодированные данные о монографическом текстовом документе y |||||||||
200 1# - ЗАГЛАВИЕ И СВЕДЕНИЯ ОБ ОТВЕТСТВЕННОСТИ
Основное заглавие Технология обработки конструкционных материалов и элементы машиноведения. Художественная обработка материалов. Техническое творчество. Введение в художественноеконструирование. Строительные, ремонтно-отделочные работы
210 ## - ПУБЛИКАЦИЯ, РАСПРОСТРАНЕНИЕ И ДР.
Дата издания, распространения и т.д. 2012
Место издания, распространения и т.д. Б. м.
215 ## - ФИЗИЧЕСКАЯ ХАРАКТЕРИСТИКА
Специфическое обозначение материала и объем 75 с.
461 #0 - УРОВЕНЬ НАБОРА
Встроенное поле 001RU\NLR\bibl\2066775
-- 2001#$aОбразовательная область "Технология"$vЧ. 2
Системный номер (АБИС) связанной записи 4651602
Место публикации Москва
Дата публикации 2012
Первые сведения об ответственности Деп. образования г. Москвы, Гос. бюджет. образоват. учреждение высш. проф. образования г. Москвы "Моск. гор. пед. ун-т" (ГБОУ ВПО МГПУ), Фундам. б-ка
Имя издателя, распространителя и т.д. МГПУ
Сведения, относящиеся к заглавию рекомендательный библиографический указатель
Заглавие Образовательная область "Технология"
Номер тома Ч. 2
606 1# - НАИМЕНОВАНИЕ ТЕМЫ КАК ПРЕДМЕТ
Наименование темы Технологические процессы
Формальный подзаголовок Библиография рекомендательная
Системный номер авторитетной/нормативной записи 1963949
Идентификатор авторитетной/нормативной записи RU\NLR\auth\66899282
686 ## - ИНДЕКСЫ ДРУГИХ КЛАССИФИКАЦИЙ
Индекс Ж6я15
712 02 - НАИМЕНОВАНИЕ ОРГАНИЗАЦИИ - ВТОРИЧНАЯ ОТВЕТСТВЕННОСТЬ
Код отношения Прочие
Начальный элемент ввода Московский городской педагогический университет
Структурное подразделение Фундаментальная библиотека
Системный номер авторитетной/нормативной записи 744585
Идентификатор авторитетной/нормативной записи RU\NLR\AUTH\8810123405
801 #0 - ИСТОЧНИК ЗАПИСИ
Страна Российская Федерация
Организация NLR
Дата составления 20130723
Правила каталогизации RCR
801 #1 - ИСТОЧНИК ЗАПИСИ
Страна Российская Федерация
Организация NLR
Дата составления 20130723
942 ## - ДОПОЛНИТЕЛЬНЫЕ ЭЛЕМЕНТЫ ЗАПИСИ (АБИС)
Тип экземпляра АБИС Книга
980 ## - КОЛЛЕКЦИЯ
Название коллекции Национальная библиография
Экземпляры
Тип экземпляра Дата поступления Источник поступления Библиотека постоянного хранения Библиотека текущего хранения Место хранения Шифр хранения Штрих-код Статус экземпляра
Книга 23.07.2013 Обязательный экземпляр РНБ (Московский) РНБ (Московский) Центральная справочная библиотека С 2013-2/254 1-1237127